LEADER 03836nam 2200637I 450 001 9910460840203321 005 20200520144314.0 010 $a0-429-25248-X 010 $a1-4398-9773-5 035 $a(CKB)3710000000391149 035 $a(EBL)1446325 035 $a(SSID)ssj0001458365 035 $a(PQKBManifestationID)12628246 035 $a(PQKBTitleCode)TC0001458365 035 $a(PQKBWorkID)11444126 035 $a(PQKB)10919365 035 $a(MiAaPQ)EBC1446325 035 $a(Au-PeEL)EBL1446325 035 $a(CaPaEBR)ebr11165984 035 $a(OCoLC)908077465 035 $a(EXLCZ)993710000000391149 100 $a20180611h20112012 uy 0 101 0 $aeng 135 $aur|n|---||||| 181 $ctxt 182 $cc 183 $acr 200 10$aCrime scene forensics $ea scientific method approach /$fby Robert C Shaler 205 $aFirst edition. 210 1$aBoca Raton, FL :$cCRC Press, an imprint of Taylor and Francis,$d[2011]. 210 4$dİ2012. 215 $a1 online resource (628 p.) 300 $aDescription based upon print version of record. 311 $a1-4398-5995-7 320 $aIncludes bibliographical references at the end of each chapters. 327 $aFront Cover; Contents; Acknowledgments; Author; Part I: The Philosophy and Essentials of Crime Scene Forensics; 1. Crime Scene Forensics: Philosophy, Practice, and Teaching; 2. The Scientific Method, Bias, and Reasoning; 3. Management Basics: The Investigative Glue; 4. The Fundamental Principles of Evidence; 5. Searching the Scene: Logic in Action; Part II: Forensic Archiving: Today's Eye for the Future; 6. The Principles of Forensic Photography; 7. The Paper Trail: Case Files, Worksheets, Notes, and Sketches; 8. Videography: The Forensic Documentary 327 $aPart III: Impression Evidence: Patterns of Identity9. Fingerprints I: The Intellectual Ingredients; 10. Fingerprints II : On-Scene Considerations; 11. Pattern Evidence I: Footwear Impressions; 12. Pattern Evidence II : Vehicle-Involved Scenes; Part IV: The Biological Crime Scene; 13. The Biological Crime Scene: It's Not Just about DNA; 14. Introduction to Bloodstain Pattern Analysis: The Basics; 15. Mass Fatality Events, Bioweapons, and Microbial Forensics; 16. Forensic Entomology: Bugs and the Postmortem Interval; Part V: Microscenes and Trace Evidence; 17. Microscenes: Hair and Fibers 327 $a18. Glass: A Multitasking Class of Evidence19. Soil and Paint as Evidence; Part VI: Bang! It's a Shooting Incident Scene; 20. Introducing Shooting Scene Investigations; 21. Vehicles as Shooting Incident Crime Scenes; Part VII: Miscellaneous Considerations and Specialized Scenes; 22. Fire Scenes: A Scientific Method Investigation; 23. Quality at the Crime Scene; 24. Collection and Preservation of Evidence; 25. Scientific and Technical Working Groups; Glossary 330 3 $aBridging the gap between practical crime scene investigation and scientific theory, Crime Scene Forensics: A Scientific Method Approach maintains that crime scene investigations are intensely intellectual exercises that marry scientific and investigative processes. Success in this field requires experience, creative thinking, logic, and the correct application of the science and the scientific method. 606 $aCrime scenes 606 $aCrime scene searches 606 $aCriminal investigation 606 $aForensic sciences 608 $aElectronic books. 615 0$aCrime scenes. 615 0$aCrime scene searches. 615 0$aCriminal investigation. 615 0$aForensic sciences. 676 $a363.252 700 $aShaler$b Robert C$0902552 801 0$bFlBoTFG 801 1$bFlBoTFG 906 $aBOOK 912 $a9910460840203321 996 $aCrime scene forensics$92017533 997 $aUNINA LEADER 01305nam0 22003133i 450 001 TSA1082661 005 20251003044416.0 010 $a1420062263 010 $a9781420062267 100 $a20090527d2008 ||||0itac50 ba 101 | $aeng 102 $aus 181 1$6z01$ai $bxxxe 182 1$6z01$an 200 1 $aModern missile guidance$fRafael Yanushevsky 210 $aBoca Raton [etc.]$cCRC$dİ2008 215 $a226 p.$d26 cm. 606 $aMissili$xBalistica$2FIR$3CFIC048045$9I 676 $a623.4$9Ingegneria militare e navale - Armi e munizioni$v14 676 $a623.4519$9Munizioni e altri agenti distruttivi. Missili guidati$v22 700 1$aYanushevsky$b, Rafael$3TSAV513779$4070$0771844 801 3$aIT$bIT-000000$c20090527 850 $aIT-BN0095 901 $bNAP 01$cSALA DING $n$ 912 $aTSA1082661 950 0$aBiblioteca Centralizzata di Ateneo$b1 v. (2. copia)$c1 v. in due copie$d 01SALA DING 623.4 YAN.mo$e 0102 0000072965 VMA A4 1 v.$fA $h20090526$i20090526$b1 v. (2. copia)$c1 v. in due copie$d 01SALA DING 623.4 YAN.mo$e 0102 0000073395 VMA A4(bis 1 v. (2. copia)$fA $h20090616$i20090616 977 $a 01 996 $aModern missile guidance$91575417 997 $aUNISANNIO LEADER 02324nam 2200637 a 450 001 9910974326203321 005 20171026195700.0 010 $a9786613282361 010 $a9781283282369 010 $a1283282364 010 $a9780472027507 010 $a0472027506 024 7 $a10.3998/mpub.2802465 035 $a(CKB)2550000000053625 035 $a(OCoLC)756279459 035 $a(CaPaEBR)ebrary10500659 035 $a(SSID)ssj0000536915 035 $a(PQKBManifestationID)11300972 035 $a(PQKBTitleCode)TC0000536915 035 $a(PQKBWorkID)10552361 035 $a(PQKB)10547917 035 $a(MiAaPQ)EBC3415011 035 $a(MdBmJHUP)muse752 035 $a(MiU)10.3998/mpub.2802465 035 $a(Au-PeEL)EBL3415011 035 $a(CaPaEBR)ebr10500659 035 $a(CaONFJC)MIL328236 035 $a(EXLCZ)992550000000053625 100 $a20110329d2011 uy 0 101 0 $aeng 135 $aurcn||||||||| 181 $ctxt 182 $cc 183 $acr 200 10$aFrom villain to hero $eOdysseus in ancient thought /$fSilvia Montiglio 205 $a1st ed. 210 1$aAnn Arbor [Mich.] :$cUniversity of Michigan Press,$dc2011. 215 $a1 online resource (239 p.) 300 $aBibliographic Level Mode of Issuance: Monograph 311 08$a9780472117741 311 08$a0472117742 320 $aIncludes bibliographical references and indexes. 327 $aIntroduction: Setting the stage -- "Odysseus was not . . .": Antisthenes' defense of an abused hero -- Plato's Odysseus: a soldier in the soul -- Yearning for excellence: Odysseus in cynic and stoic thought -- King, friend, and flatterer: Odysseus in epicureanism and beyond -- Between contemplation and action -- Epilogue: Odysseus' virtus and thirst for knowledge in the Renaissance. 330 $aOdysseus as a model of wisdom in Greek and Roman philosophy. 606 $aOdysseus (Greek mythology) in literature 615 0$aOdysseus (Greek mythology) in literature. 676 $a880.9/351 686 $a18.43$2bcl 700 $aMontiglio$b Silvia$f1960-$0169296 712 02$aMichigan Publishing (University of Michigan), 801 0$bMiU 801 1$bMiU 906 $aBOOK 912 $a9910974326203321 996 $aFrom villain to hero$94464755 997 $aUNINA